| 000 | 00390pab a2200145 454500 | ||
|---|---|---|---|
| 008 | 180718b1995 xxu||||| |||| 00| 0 eng d | ||
| 100 | _aSurat Singh | ||
| 245 |
_aHaryana new panchayati raj legislation _ba critical review. |
||
| 260 | _c1995 | ||
| 300 | _ap.45-52 | ||
| 362 | _aJan-Mar | ||
| 650 | _aPanchayat - India - Haryana | ||
| 773 | _aJournal of Rural Development | ||
| 909 | _a28175 | ||
| 999 |
_c28175 _d28175 |
||